MLW Wiffle Ball Teams - Statistics

General Stats
  • This quiz has been taken 142 times
  • The average score is 7 of 8
Answer Stats
Hint Answer % Correct
NL Midwest Mallards
98%
AL Western Wildcats
93%
AL Coastal Cobras
91%
NL Downtown Diamondbacks
91%
NL Eastern Eagles
90%
AL Metro Magic
89%
AL Pacific Predators
88%
NL Great Lakes Gators
87%
No matching quizzes found
Score Distribution
Percent of People with Each Score
Percentile by Number Answered
Your Score History
You have not taken this quiz